Discursos pronunciados en la Real Academia de Medicina de Madrid (Record no. 170435)

MARC details
000 -LEADER
campo de control de longitud fija 01713nam a2200181 i 4500
001 - NÚMERO DE CONTROL
campo de control 170435
003 - IDENTIFICADOR DE NÚMERO DE CONTROL
campo de control ES-MaACL
005 - FECHA Y HORA DE LA ÚLTIMA TRANSACCIÓN
campo de control 20250806045157.0
008 - DATOS DE LONGITUD FIJA--INFORMACIÓN GENERAL
campo de control de longitud fija 090305s19131916sp |||| | spa d
110 2# - ENTRADA PRINCIPAL--NOMBRE DE ENTIDAD CORPORATIVA
Nombre de entidad corporativa o nombre de jurisdicción como elemento de entrada Real Academia de Medicina de Madrid
9 (RLIN) 6318
245 10 - MENCIÓN DEL TÍTULO
Título Discursos pronunciados en la Real Academia de Medicina de Madrid
Resto del título : 1913-1916.
260 ## - PUBLICACIÓN, DISTRIBUCIÓN, ETC.
Lugar de publicación, distribución, etc. Madrid :
Nombre del editor, distribuidor, etc. [s.n.],
Fecha de publicación, distribución, etc. 1913 (
Lugar de fabricación/manufactura Madrid :
Fabricante Imp. Colegio Nacional de Sordomudos y de Ciegos)
300 ## - DESCRIPCIÓN FÍSICA
Extensión 1 v. ;
Dimensiones 27 cm.
505 8# - NOTA DE CONTENIDO CON FORMATO
Nota de contenido con formato Contiene: La sanidad en España / Manuel Martín Salazar (161 p., 1 mapa col.) . Discurso... / Eloy Bejarano y Sánchez (p. 162-180, 9 p. de gráf.) . Los alimentos minerales / José Gómez Ocaña (102 p.) . Acciones químicas de las bacterias / José Úbeda y Correál (97 p.) . Discurso... / Ángel Fernández-Caro y Nouvilas (p. 98-122) . Evolución histórica de la cirugía de la vejiga y su estado actual / Rafael Mollá y Rodrigo (76 p.) . Historia de la farmacología / Blas Lázaro e Ibiza (52 p.). Discurso... / José Rodríguez Carracido (p. 53-66) . Las aptitudes del médico para apreciar el desdibujo anatómico y su importancia en las enfermedades del aparato locomotor / Joaquín Decref y Ruiz (34 p.) . Discurso... / José Gómez Ocaña (p. 35-60) . De la "intuición de la verdad" y de la "preparación" en las ciencias biológicas / Gustavo Pittaluga (91 p.) . Discurso... / José Gómez Ocaña (p. 92-127) . Pequeños detalles prácticos y algunos principios generales referentes a las medicaciones locales en oculística / Manuel Márquez y Rodríguez (60 p.) . Discurso... / José Gómez Ocaña (p. 61-78).
852 ## - LOCALIZACIÓN
Ubicación ES-MaACL
itemnumber 177076
Número de control de estantería K-112
942 ## - ELEMENTOS DE ENTRADA SECUNDARIOS (KOHA)
Fuente del sistema de clasificación o colocación Clasificación decimal universal
Holdings
Estatus retirado Estado de pérdida Estado de daño No para préstamo Biblioteca de origen Biblioteca actual Ubicación en estantería Fecha de adquisición Total de préstamos Signatura topográfica completa Código de barras Visto por última vez Precio de reemplazo Tipo de ítem Koha
        Biblioteca del Ateneo de Madrid Biblioteca del Ateneo de Madrid Administración 05/03/2009   K-112 1178902 23/02/2023 23/02/2023 Libro impreso